[Event "Split op 9th"]
[Site "Split"]
[Date "2019.08.05"]
[Round "3"]
[White "Cieslak, Patrycjusz"]
[Black "Muha, Miljenko"]
[Result "0-1"]
[WhiteElo "2024"]
[BlackElo "2323"]
[PlyCount "74"]
[EventDate "2019.08.03"]
[EventType "swiss"]
[EventRounds "9"]
[EventCountry "CRO"]
[SourceTitle "CBM 191 Extra"]
[Source "ChessBase"]
[SourceDate "2019.09.30"]
[SourceVersion "1"]
[SourceVersionDate "2019.09.30"]
[SourceQuality "1"]

1. d4 d5 2. c4 e6 3. Nf3 Nf6 4. g3 Bb4+ 5. Nbd2 0-0 6. Bg2 dxc4 7. 0-0 b5 8. Ne5 Nd5 9. e4 Nb6 10. Qh5 Bb7 11. Ndf3 f6 12. Ng4 Qe8 13. Qh4 Be7 14. Qh3 Bc8 15. e5 f5 16. Ne3 c6 17. a4 bxa4 18. Rd1 Ba6 19. Bf1 c5 20. Ne1 cxd4 21. Rxd4 Nc6 22. Rd1 Nxe5 23. f4 Nd3 24. Nxd3 cxd3 25. Bd2 Bc5 26. Kh1 Bb7+ 27. Bg2 Bxg2+ 28. Qxg2 Rc8 29. Rac1 Qd7 30. Qf3 Rfd8 31. Rc3 Bxe3 32. Bxe3 Rxc3 33. bxc3 Qd5 34. Qxd5 Rxd5 35. Bd4 a3 36. Rxd3 a2 37. Rd1 Nc4 0-1

[Event "POL-ch blitz"]
[Site "Szczawno Zdroj"]
[Date "2018.12.16"]
[Round "3"]
[White "Smieszek, Wojciech"]
[Black "Cieslak, Patrycjusz"]
[Result "0-1"]
[WhiteElo "2138"]
[BlackElo "2019"]
[PlyCount "56"]
[EventDate "2018.12.16"]
[EventType "swiss (blitz)"]
[EventRounds "15"]
[EventCountry "POL"]
[SourceTitle "CBM 187 Extra"]
[Source "ChessBase"]
[SourceDate "2018.11.04"]
[SourceVersion "1"]
[SourceVersionDate "2018.11.04"]
[SourceQuality "1"]

1. e4 e6 2. d4 d5 3. Nc3 Bb4 4. e5 Qd7 5. h4 b6 6. h5 Ba6 7. h6 g6 8. Bg5 Bxf1 9. Kxf1 Be7 10. Nf3 c5 11. Qe2 cxd4 12. Nb5 Nc6 13. Bxe7 Ngxe7 14. Nd6+ Kf8 15. Ng5 Nf5 16. Ndxf7 Rg8 17. Nd6 Ke7 18. Nxf5+ exf5 19. Nxh7 Qe6 20. f4 Rac8 21. Nf6 Rh8 22. Qb5 Rcd8 23. a4 Kf7 24. b4 Nxe5 25. fxe5 Qxe5 26. Nd7 Qf4+ 27. Kg1 Qe3+ 28. Kh2 Rxh6# 0-1

[Event "POL-ch blitz"]
[Site "Szczawno Zdroj"]
[Date "2018.12.16"]
[Round "7"]
[White "Zochowski, Kacper"]
[Black "Cieslak, Patrycjusz"]
[Result "1-0"]
[WhiteElo "2271"]
[BlackElo "2019"]
[PlyCount "81"]
[EventDate "2018.12.16"]
[EventType "swiss (blitz)"]
[EventRounds "15"]
[EventCountry "POL"]
[SourceTitle "CBM 187 Extra"]
[Source "ChessBase"]
[SourceDate "2018.11.04"]
[SourceVersion "1"]
[SourceVersionDate "2018.11.04"]
[SourceQuality "1"]

1. Nf3 Nf6 2. c4 c6 3. e3 d5 4. Nc3 e6 5. b3 Be7 6. Bb2 0-0 7. Rg1 Nbd7 8. g4 Ne4 9. g5 Nxg5 10. Nxg5 Bxg5 11. Bd3 Bf6 12. Bc2 Re8 13. Qe2 dxc4 14. bxc4 c5 15. Rb1 b6 16. h4 Bb7 17. h5 Qc7 18. f4 Rad8 19. Qd3 Nf8 20. Qe2 e5 21. Nb5 Qe7 22. fxe5 Bxe5 23. Bxe5 Qxe5 24. Nxa7 Ne6 25. Qg4 g6 26. hxg6 hxg6 27. Rxb6 Ba8 28. Bxg6 fxg6 29. Qxg6+ Ng7 30. Rf6 Qe7 31. Rg3 Be4 32. Qg5 Rf8 33. Rxf8+ Qxf8 34. Nb5 Bd3 35. Rg1 Bxc4 36. Nc7 Qf7 37. Qxd8+ Kh7 38. Rh1+ Nh5 39. Qg5 Be2 40. Kxe2 Qc4+ 41. Kf2 1-0

[Event "POL-chT 2nd League"]
[Site "Jastrzebia Gora"]
[Date "2016.09.08"]
[Round "6.71"]
[White "Piotrowski, Przemyslaw"]
[Black "Cieslak, Patrycjusz"]
[Result "1-0"]
[WhiteElo "2252"]
[BlackElo "1919"]
[PlyCount "51"]
[EventDate "2016.09.03"]
[EventType "team-swiss"]
[EventRounds "9"]
[EventCountry "POL"]
[SourceTitle "EXT 2017"]
[Source "ChessBase"]
[SourceDate "2016.10.25"]
[SourceVersion "1"]
[SourceVersionDate "2016.10.25"]
[SourceQuality "1"]
[WhiteTeam "Wroclaw Polonia"]
[BlackTeam "Rybnik MKSz"]
[WhiteTeamCountry "POL"]
[BlackTeamCountry "POL"]

1. e4 d5 2. exd5 Nf6 3. Nc3 Nxd5 4. Bc4 Nb6 5. Bb3 c5 6. d3 Nc6 7. Nf3 e6 8. 0-0 Be7 9. Bf4 0-0 10. Re1 Bf6 11. Ne4 Bxb2 12. Rb1 Bf6 13. Bd6 Be7 14. Bxc5 Bxc5 15. Nxc5 Nd5 16. Qd2 b6 17. Ba4 Qc7 18. Ne4 Ba6 19. Qg5 h6 20. Qh4 Rad8 21. Bxc6 Qxc6 22. c4 Nc7 23. Ne5 Qe8 24. Nf6+ gxf6 25. Re3 fxe5 26. Qxh6 1-0

[Event "POL-chT 2nd League"]
[Site "Jastrzebia Gora"]
[Date "2016.09.03"]
[Round "1.59"]
[White "Gosciniak, Tomasz"]
[Black "Cieslak, Patrycjusz"]
[Result "1/2-1/2"]
[WhiteElo "1949"]
[BlackElo "1919"]
[PlyCount "72"]
[EventDate "2016.09.03"]
[EventType "team-swiss"]
[EventRounds "9"]
[EventCountry "POL"]
[SourceTitle "EXT 2017"]
[Source "ChessBase"]
[SourceDate "2016.10.25"]
[SourceVersion "1"]
[SourceVersionDate "2016.10.25"]
[SourceQuality "1"]
[WhiteTeam "Grzybowo GKSz Solny"]
[BlackTeam "Rybnik MKSz"]
[WhiteTeamCountry "POL"]
[BlackTeamCountry "POL"]

1. d4 d5 2. c4 c6 3. Nc3 Nf6 4. cxd5 cxd5 5. Bf4 Nc6 6. e3 Qb6 7. Qb3 Qxb3 8. axb3 Bf5 9. Bb5 e6 10. Nf3 Bb4 11. Ne5 0-0 12. Bxc6 bxc6 13. Nxc6 a5 14. 0-0 Rfc8 15. Nxb4 axb4 16. Na4 Rc2 17. Bd6 Bd3 18. Rfd1 Ne4 19. Nc5 Rc8 20. Nxd3 Nxd6 21. Kf1 Kf8 22. Ra4 Rb8 23. Ke1 Ne4 24. Ra7 Rbc8 25. Rb7 Ra8 26. Rxb4 Ra2 27. Rb7 g5 28. b4 Nxf2 29. Nxf2 Rcxb2 30. Nd3 Rxg2 31. Kf1 Rxh2 32. Kg1 Rhg2+ 33. Kf1 Rh2 34. Kg1 Rag2+ 35. Kf1 h5 36. Ne5 Rf2+ 1/2-1/2

[Event "POL-chT 2nd League"]
[Site "Jastrzebia Gora"]
[Date "2015.09.11"]
[Round "7.23"]
[White "Ziabek, Patryk"]
[Black "Cieslak, Patrycjusz"]
[Result "1/2-1/2"]
[WhiteElo "2038"]
[BlackElo "1836"]
[PlyCount "132"]
[EventDate "2015.09.05"]
[EventType "team-swiss"]
[EventRounds "9"]
[EventCountry "POL"]
[SourceTitle "EXT 2017"]
[Source "ChessBase"]
[SourceDate "2016.10.25"]
[SourceVersion "1"]
[SourceVersionDate "2016.10.25"]
[SourceQuality "1"]
[WhiteTeam "Ostrow Wielkopolski"]
[BlackTeam "Rybnik MKSz"]
[WhiteTeamCountry "POL"]
[BlackTeamCountry "POL"]

1. e4 d5 2. exd5 Nf6 3. Bb5+ Bd7 4. Bc4 Bg4 5. f3 Bf5 6. Nc3 Nbd7 7. Nge2 Nb6 8. Bb3 Nfxd5 9. d4 e6 10. 0-0 Be7 11. Ne4 Nd7 12. N2g3 Bg6 13. c4 N5f6 14. Be3 0-0 15. Bc2 Rc8 16. Nxf6+ Nxf6 17. Bxg6 hxg6 18. Ne4 c6 19. Qd2 b5 20. b3 Rb8 21. Rab1 Rb7 22. Rfd1 Qb8 23. Bf4 Nxe4 24. fxe4 Bd6 25. Bxd6 Qxd6 26. c5 Qe7 27. Qf2 Rd8 28. Rd3 Rbd7 29. Rbd1 Qg5 30. Qf3 Qe7 31. b4 Kf8 32. Qh3 Kg8 33. Qf3 Kf8 34. Qh3 Kg8 35. Qe3 Qf6 36. h3 Kf8 37. R1d2 a6 38. Rd1 Qh4 39. R1d2 f6 40. Rd1 Kf7 41. a3 g5 42. Qf3 Qf4 43. Qxf4 gxf4 44. Kf2 g5 45. Kf3 Kg6 46. d5 exd5 47. exd5 cxd5 48. Re1 Kf5 49. Rd4 Rg8 50. Re2 Ra8 51. Red2 Ke5 52. R4d3 d4 53. Re2+ Kd5 54. Rxd4+ Kxd4 55. Rd2+ Kc3 56. Rxd7 Kb2 57. Rd3 a5 58. c6 Rc8 59. bxa5 Rxc6 60. Rd5 Rc3+ 61. Kf2 Rxa3 62. Rxb5+ Kc3 63. Rf5 Kd4 64. Rxf6 Rxa5 65. h4 Ke4 66. hxg5 Rxg5 1/2-1/2

[Event "POL-chT U19 2nd League"]
[Site "Iwonicz"]
[Date "2015.08.01"]
[Round "4.55"]
[White "Cieslak, Patrycjusz"]
[Black "Gierulski, Kamil"]
[Result "0-1"]
[WhiteElo "1818"]
[BlackElo "2097"]
[PlyCount "128"]
[EventDate "2015.07.25"]
[EventType "team-swiss"]
[EventRounds "11"]
[EventCountry "POL"]
[SourceTitle "EXT 2019"]
[Source "ChessBase"]
[SourceDate "2018.10.10"]
[SourceVersion "1"]
[SourceVersionDate "2018.10.10"]
[SourceQuality "1"]
[WhiteTeam "Rybnik MKSz U19 II"]
[BlackTeam "Rzeszow U20"]
[WhiteTeamCountry "POL"]
[BlackTeamCountry "POL"]

1. e4 e5 2. Nf3 Nc6 3. Bb5 Nf6 4. Qe2 Bc5 5. 0-0 0-0 6. c3 d6 7. Rd1 Re8 8. d3 a6 9. Ba4 h6 10. Be3 Ba7 11. Nbd2 Bd7 12. Bxa7 Rxa7 13. Bb3 Na5 14. Bc2 c5 15. d4 exd4 16. cxd4 cxd4 17. Nxd4 Qb6 18. N4b3 Bb5 19. Qf3 Nc6 20. Nf1 d5 21. Ng3 Nb4 22. Bb1 Qe6 23. Qc3 Nc6 24. Nc5 Qg4 25. f3 Qg5 26. a4 Bc4 27. b3 b6 28. bxc4 d4 29. Qa3 bxc5 30. Nf5 Nd7 31. h4 Qf4 32. g3 Qc7 33. f4 Ne7 34. Nxe7+ Rxe7 35. e5 Rb7 36. Qd3 Nf8 37. g4 Qb6 38. Bc2 Qe6 39. Qe2 Rb4 40. Bd3 Kh8 41. Re1 Nd7 42. Qg2 Re8 43. f5 Qe7 44. f6 Qf8 45. Qd5 Nb6 46. Qe4 Qg8 47. Qf4 Nxc4 48. e6 Ne3 49. e7 Rb6 50. Bf5 Rxf6 51. Rxe3 dxe3 52. Qxe3 Re6 53. Bxe6 fxe6 54. Rf1 Rxe7 55. Qxc5 Qe8 56. g5 Kh7 57. h5 hxg5 58. Qxg5 e5 59. Rb1 Qf7 60. Rb8 e4 61. Rb6 Re6 62. a5 e3 63. h6 gxh6 64. Rxe6 hxg5 0-1

[Event "POL-chT U19 2nd League"]
[Site "Iwonicz"]
[Date "2015.08.01"]
[Round "7.91"]
[White "Cieslak, Patrycjusz"]
[Black "Kokoszczynski, Jan"]
[Result "1/2-1/2"]
[WhiteElo "1818"]
[BlackElo "2027"]
[PlyCount "111"]
[EventDate "2015.07.25"]
[EventType "team-swiss"]
[EventRounds "11"]
[EventCountry "POL"]
[SourceTitle "EXT 2019"]
[Source "ChessBase"]
[SourceDate "2018.10.10"]
[SourceVersion "1"]
[SourceVersionDate "2018.10.10"]
[SourceQuality "1"]
[WhiteTeam "Rybnik MKSz U19 II"]
[BlackTeam "Chylice KS Laura U19 II"]
[WhiteTeamCountry "POL"]
[BlackTeamCountry "POL"]

1. e4 e6 2. d4 d5 3. Nc3 Bb4 4. Nge2 dxe4 5. a3 Bxc3+ 6. Nxc3 f5 7. f3 exf3 8. Qxf3 Nc6 9. Bb5 Bd7 10. 0-0 Nf6 11. d5 Nd4 12. Bxd7+ Qxd7 13. Qd3 e5 14. Re1 0-0 15. Rxe5 c5 16. dxc6 Nxc6 17. Qxd7 Nxd7 18. Rd5 Nb6 19. Rd1 f4 20. Rf1 f3 21. Be3 Nc4 22. Bc5 Rf5 23. b4 b6 24. Bf2 fxg2 25. Kxg2 Raf8 26. Ne4 Rf3 27. c3 N6e5 28. Bd4 Rxf1 29. Rxf1 Rxf1 30. Kxf1 Nf3 31. a4 Nxh2+ 32. Kg2 Ng4 33. Kf3 Nge5+ 34. Kf4 Nc6 35. Kf5 Nb2 36. b5 Na5 37. Nd6 Nxa4 38. Nc8 Nc4 39. Ke6 h5 40. Nxa7 h4 41. Kd5 h3 42. Bg1 Ne3+ 43. Ke4 Ng4 44. c4 h2 45. Bxh2 Nxh2 46. Kd5 Nf3 47. Nc8 Nd2 48. c5 bxc5 49. b6 Nxb6+ 50. Nxb6 c4 51. Kd4 g5 52. Kc3 g4 53. Nd5 g3 54. Nf4 Kf7 55. Kxd2 Kf6 56. Nh5+ 1/2-1/2

[Event "POL-chT U19 2nd League"]
[Site "Iwonicz"]
[Date "2015.08.01"]
[Round "2.103"]
[White "Gajewski, Marcin"]
[Black "Cieslak, Patrycjusz"]
[Result "1-0"]
[WhiteElo "1497"]
[BlackElo "1818"]
[PlyCount "59"]
[EventDate "2015.07.25"]
[EventType "team-swiss"]
[EventRounds "11"]
[EventCountry "POL"]
[SourceTitle "EXT 2019"]
[Source "ChessBase"]
[SourceDate "2018.10.10"]
[SourceVersion "1"]
[SourceVersionDate "2018.10.10"]
[SourceQuality "1"]
[WhiteTeam "Czestochowa UKS Hetman U19"]
[BlackTeam "Rybnik MKSz U19 II"]
[WhiteTeamCountry "POL"]
[BlackTeamCountry "POL"]

1. Nf3 Nf6 2. g3 d5 3. Bg2 c6 4. 0-0 Bf5 5. d4 h6 6. c4 e6 7. Nc3 Nbd7 8. cxd5 exd5 9. Re1 Be7 10. Nh4 Bh7 11. e4 dxe4 12. Nxe4 Nxe4 13. Bxe4 Bxe4 14. Rxe4 0-0 15. Nf5 Bg5 16. Rg4 Qf6 17. Qc2 Rae8 18. Kg2 c5 19. Bxg5 hxg5 20. h4 cxd4 21. hxg5 Qa6 22. Rh1 g6 23. Rgh4 gxf5 24. Rh8+ Kg7 25. R1h7+ Kg6 26. Rh6+ Kg7 27. R8h7+ Kg8 28. Rxa6 bxa6 29. Qxf5 Re6 30. Qh3 1-0

[Event "POL-chT U19 2nd League"]
[Site "Iwonicz"]
[Date "2015.08.01"]
[Round "5.61"]
[White "Rosicki, Marcin"]
[Black "Cieslak, Patrycjusz"]
[Result "1/2-1/2"]
[WhiteElo "1822"]
[BlackElo "1818"]
[PlyCount "80"]
[EventDate "2015.07.25"]
[EventType "team-swiss"]
[EventRounds "11"]
[EventCountry "POL"]
[SourceTitle "EXT 2019"]
[Source "ChessBase"]
[SourceDate "2018.10.10"]
[SourceVersion "1"]
[SourceVersionDate "2018.10.10"]
[SourceQuality "1"]
[WhiteTeam "Jaworzno JKSz MCKiS U19"]
[BlackTeam "Rybnik MKSz U19 II"]
[WhiteTeamCountry "POL"]
[BlackTeamCountry "POL"]

1. e4 e5 2. Nc3 Nf6 3. f4 d5 4. fxe5 Nxe4 5. d3 Nxc3 6. bxc3 c5 7. Nf3 Nc6 8. Be2 Be7 9. 0-0 0-0 10. d4 f6 11. Qe1 fxe5 12. dxe5 Bf5 13. Bd3 Bxd3 14. cxd3 Rf5 15. Qg3 d4 16. Bh6 g6 17. c4 Qc7 18. Rae1 Bf8 19. Bf4 Be7 20. Bh6 Re8 21. Bf4 a6 22. a4 Nd8 23. Nd2 Ne6 24. Ne4 Nxf4 25. Rxf4 Rxe5 26. Ref1 Qc6 27. Rf7 Qe6 28. Qf4 Rh5 29. g4 Rh4 30. Kh1 Rxg4 31. Qh6 Qxf7 32. Rxf7 Kxf7 33. Qxh7+ Kf8 34. Qh8+ Kf7 35. Qh7+ Kf8 36. Qh8+ Kf7 37. Qh7+ Kf8 38. Qh8+ Kf7 39. Qh7+ Kf8 40. Qh8+ Kf7 1/2-1/2

[Event "POL-chT U19 2nd League"]
[Site "Szczyrk"]
[Date "2014.07.28"]
[Round "5.103"]
[White "Stasiowski, Karol"]
[Black "Cieslak, Patrycjusz"]
[Result "1-0"]
[WhiteElo "1521"]
[BlackElo "1824"]
[PlyCount "91"]
[EventDate "2014.07.25"]
[EventType "team-swiss"]
[EventRounds "11"]
[EventCountry "POL"]
[SourceTitle "EXT 2015"]
[Source "ChessBase"]
[SourceDate "2014.11.20"]
[SourceVersion "1"]
[SourceVersionDate "2014.11.20"]
[SourceQuality "1"]
[WhiteTeam "Imielin MKSz Diagonalia U19"]
[BlackTeam "Rybnik MKSz U19 II"]
[WhiteTeamCountry "POL"]
[BlackTeamCountry "POL"]

1. e4 e5 2. d4 exd4 3. Nf3 Nc6 4. Bc4 Bc5 5. c3 Nf6 6. cxd4 Bb4+ 7. Bd2 Nxe4 8. Bxb4 Nxb4 9. Bxf7+ Kxf7 10. Qb3+ d5 11. Qxb4 Re8 12. 0-0 Kg8 13. Nc3 c6 14. Rfe1 Qe7 15. Qxe7 Rxe7 16. Nd2 Rf7 17. Ndxe4 dxe4 18. Rxe4 Bf5 19. Re5 Rd8 20. d5 c5 21. Rd1 a6 22. f3 b5 23. Ne4 c4 24. d6 Bg6 25. Nc5 Ra7 26. d7 Kf7 27. Rde1 Raxd7 28. Nxd7 Rxd7 29. Re6 a5 30. R6e5 Rb7 31. Kf2 a4 32. a3 b4 33. axb4 Rxb4 34. R1e2 Bd3 35. Rd2 Rb3 36. Ra5 Rb4 37. Ke3 Ke6 38. Kd4 Kd6 39. Ra7 g5 40. Rg7 h6 41. Ra7 h5 42. Ra5 g4 43. Rxh5 gxf3 44. gxf3 Ke6 45. f4 Kf6 46. Ra5 1-0

[Event "Orlova op-A 11th"]
[Site "Orlova"]
[Date "2014.05.27"]
[Round "2"]
[White "Cieslak, Patrycjusz"]
[Black "Chudinovskih, Alexander N"]
[Result "0-1"]
[WhiteElo "1866"]
[BlackElo "2282"]
[PlyCount "110"]
[EventDate "2014.05.26"]
[EventType "swiss"]
[EventRounds "9"]
[EventCountry "CZE"]
[SourceTitle "CBM 160 Extra"]
[Source "ChessBase"]
[SourceDate "2014.07.01"]
[SourceVersion "1"]
[SourceVersionDate "2014.07.01"]
[SourceQuality "1"]

1. e4 e5 2. Nf3 Nc6 3. Bb5 a6 4. Ba4 Nf6 5. Bxc6 dxc6 6. d3 Bd6 7. 0-0 c5 8. Nbd2 b5 9. a4 Bb7 10. b3 0-0 11. Bb2 Qe7 12. Re1 Nh5 13. Nf1 g6 14. Ne3 c6 15. Qd2 f6 16. axb5 axb5 17. Rxa8 Rxa8 18. Ra1 Rxa1+ 19. Bxa1 Nf4 20. g3 Ne6 21. c3 Bc7 22. Qa2 Qd7 23. Ne1 Bb6 24. Bb2 Kf7 25. Bc1 h5 26. Kf1 Kg7 27. Ke2 Ng5 28. h4 Nf7 29. Nf3 Qe6 30. Nc2 Nh6 31. Bxh6+ Kxh6 32. c4 Qh3 33. b4 Qe6 34. Nd2 f5 35. Qb3 Bc8 36. Qc3 Qd6 37. Nb3 cxb4 38. Nxb4 bxc4 39. Qxc4 Be6 40. Qc3 fxe4 41. dxe4 Kg7 42. Nd3 Bxb3 43. Qxb3 Qd4 44. Qb4 Kf7 45. Nxe5+ Qxe5 46. Qxb6 Qxe4+ 47. Kd2 Ke6 48. Kc3 Kf5 49. Qa7 Kg4 50. Kd2 Kf3 51. Qf7+ Kg2 52. Qa7 Kf1 53. Qb6 Qf3 54. Kc1 Qc3+ 55. Kd1 Qe1+ 0-1

[Event "Polanica Zdroj op-B 48th"]
[Site "Polanica Zdroj"]
[Date "2012.08.21"]
[Round "4"]
[White "Zawodnik, Konrad"]
[Black "Cieslak, Patrycjusz"]
[Result "0-1"]
[WhiteElo "1959"]
[BlackElo "1738"]
[PlyCount "126"]
[EventDate "2012.08.18"]
[EventType "swiss"]
[EventRounds "9"]
[EventCountry "POL"]
[SourceTitle "EXT 2014"]
[Source "ChessBase"]
[SourceDate "2013.11.20"]
[SourceVersion "1"]
[SourceVersionDate "2013.11.20"]
[SourceQuality "1"]

1. d4 d5 2. Nf3 c6 3. e3 Nf6 4. b3 Bf5 5. Bd3 Bg6 6. 0-0 e6 7. Bb2 Bd6 8. Re1 0-0 9. Ne5 Qc7 10. Bxg6 hxg6 11. Nd2 Bxe5 12. dxe5 Nfd7 13. f4 c5 14. c4 Nc6 15. Qf3 Ne7 16. Red1 Rad8 17. Qh3 Nb6 18. Nf3 Nf5 19. cxd5 exd5 20. Ng5 Nh6 21. Rac1 Rfe8 22. Bd4 c4 23. Rc2 Nc8 24. Rdc1 b5 25. g4 Ne7 26. Rf1 Nc6 27. Qf3 Rd7 28. Kg2 Nb4 29. Re2 Nd3 30. Rd1 a5 31. Rc2 Nb4 32. Re2 Nc6 33. Rc2 Rdd8 34. Kg3 Ne7 35. Qe2 Nc6 36. Qf3 Ne7 37. Qg2 b4 38. Qh1 c3 39. Qg2 Nc6 40. Qe2 Qb7 41. Qg2 Nb8 42. Qh1 Na6 43. Qg2 Nc7 44. Qe2 Nb5 45. h3 Qc6 46. Qd3 a4 47. bxa4 Na3 48. Rf2 Nc4 49. Rc1 Ra8 50. e6 f5 51. Bxg7 Kxg7 52. Qd4+ Kg8 53. Qf6 Qc7 54. Nf7 Nxf7 55. Qxg6+ Kf8 56. gxf5 Nxe3 57. f6 Rxe6 58. Qg7+ Ke8 59. Qg8+ Kd7 60. Qxa8 d4 61. Qf8 Nd6 62. Qg7+ Kc6 63. Qg5 Ne4+ 0-1

[Event "POL-chT U19 42nd"]
[Site "Ustron"]
[Date "2011.??.??"]
[Round "1.21"]
[White "Snihur, Piotr"]
[Black "Cieslak, Patrycjusz"]
[Result "1-0"]
[WhiteElo "1859"]
[BlackElo "1734"]
[PlyCount "61"]
[EventDate "2011.06.24"]
[EventType "team-tourn"]
[EventRounds "9"]
[EventCountry "POL"]
[SourceTitle "EXT 2015"]
[Source "ChessBase"]
[SourceDate "2014.11.20"]
[SourceVersion "1"]
[SourceVersionDate "2014.11.20"]
[SourceQuality "1"]
[WhiteTeam "Trzebinia UKS Hetman Koronny U19"]
[BlackTeam "Rybnik MKSz U19"]
[WhiteTeamCountry "POL"]
[BlackTeamCountry "POL"]

1. e4 d5 2. exd5 Nf6 3. d4 Bg4 4. f3 Bf5 5. Bb5+ c6 6. dxc6 Qa5+ 7. Nc3 Nxc6 8. Nge2 0-0-0 9. Bxc6 bxc6 10. Be3 e5 11. Qc1 Bb4 12. 0-0 Bxc3 13. bxc3 Rhe8 14. Rb1 Nd5 15. Qb2 Qb6 16. Qc1 Qc7 17. Bd2 Nb6 18. dxe5 Qxe5 19. Nd4 Qc5 20. Be3 Bg6 21. Ne6 Qxc3 22. Nxd8 Rxd8 23. Rf2 Kc7 24. Rb3 Qc4 25. Qb1 c5 26. a4 Qxa4 27. Bxc5 Qc6 28. Rc3 Kd7 29. Bxb6 Qxb6 30. Qxb6 axb6 31. Rd2+ 1-0

[Event "POL-ch U14"]
[Site "Sekocin Stary"]
[Date "2010.05.02"]
[Round "3"]
[White "Cieslak, Patrycjusz"]
[Black "Gawiec, Konrad"]
[Result "0-1"]
[WhiteElo "1698"]
[BlackElo "1792"]
[PlyCount "130"]
[EventDate "2010.05.01"]
[EventType "swiss"]
[EventRounds "10"]
[EventCountry "POL"]
[SourceTitle "EXT 2011"]
[Source "ChessBase"]
[SourceDate "2010.11.26"]
[SourceVersion "1"]
[SourceVersionDate "2010.11.26"]
[SourceQuality "1"]

1. e4 c5 2. Nf3 Nc6 3. d4 cxd4 4. Nxd4 g6 5. Nc3 Bg7 6. Be3 d6 7. Qd2 Nf6 8. f3 0-0 9. 0-0-0 d5 10. exd5 Nxd5 11. Nxc6 bxc6 12. Nxd5 cxd5 13. Qxd5 Qc7 14. Qc5 Qb7 15. Qb5 Qxb5 16. Bxb5 Rb8 17. Bc4 Bxb2+ 18. Kd2 a5 19. Ke2 Bf5 20. Bb3 Rfc8 21. Rd2 Bc3 22. Rd5 e6 23. Rd7 Bb4 24. c4 e5 25. Ra7 Ra8 26. Rxa8 Rxa8 27. Ba4 Rc8 28. Bb5 Be6 29. Rc1 f5 30. a4 Bc5 31. Bd2 Bb6 32. Be3 Bc5 33. Bxc5 Rxc5 34. Kd3 Kf7 35. Kc3 h5 36. Rb1 Kf6 37. Ba6 Rc6 38. Bb5 Rc5 39. Rd1 Ke7 40. g3 g5 41. h3 Rc8 42. Rd2 f4 43. g4 hxg4 44. hxg4 e4 45. fxe4 Bxg4 46. Rg2 f3 47. Rf2 Bh5 48. Kd4 g4 49. Ke3 g3 50. Rxf3 Bxf3 51. Kxf3 Rg8 52. Kg2 Kd6 53. c5+ Kxc5 54. e5 Kd5 55. e6 Kd6 56. Bd7 Rg7 57. Bc8 Rc7 58. Bd7 Rc3 59. Kh3 Ke7 60. Kg2 Kf6 61. Kh3 Re3 62. Kg2 Kg5 63. Kf1 Kf4 64. Kg2 Re2+ 65. Kf1 g2+ 0-1

[Event "Gora Sw Anny op 3rd"]
[Site "Gora Sw Anny"]
[Date "2010.02.08"]
[Round "2"]
[White "Cieslak, Patrycjusz"]
[Black "Khamidov, Komil"]
[Result "0-1"]
[WhiteElo "1687"]
[BlackElo "1999"]
[PlyCount "72"]
[EventDate "2010.02.08"]
[EventType "swiss"]
[EventRounds "9"]
[EventCountry "POL"]
[SourceTitle "CBM 135 Extra"]
[Source "ChessBase"]
[SourceDate "2010.05.04"]
[SourceVersion "1"]
[SourceVersionDate "2010.05.04"]
[SourceQuality "1"]

1. e4 e6 2. Qe2 Nc6 3. Nf3 d5 4. exd5 Qxd5 5. Nc3 Qh5 6. g3 Nf6 7. Nb5 Bd6 8. Nxd6+ cxd6 9. Bg2 0-0 10. 0-0 Ng4 11. h3 Nge5 12. g4 Qg6 13. Nxe5 Nxe5 14. d4 Nc6 15. c3 Bd7 16. Bf4 d5 17. Bd6 Rfe8 18. Rad1 Kh8 19. Kh1 e5 20. Ba3 exd4 21. Qd2 f5 22. gxf5 Qxf5 23. cxd4 Qh5 24. Kh2 Re2 25. Qf4 Rae8 26. Qg3 R2e6 27. Bf3 Qh6 28. Bxd5 Rg6 29. Qd3 Bxh3 30. Qxh3 Qf4+ 31. Qg3 Rxg3 32. fxg3 Qh6+ 33. Kg2 Re2+ 34. Kf3 Nxd4+ 35. Kg4 Qg6+ 36. Kh4 Rh2# 0-1